NBA Players with the most playoff games - Statistics

General Stats
  • This quiz has been taken 15 times
  • The average score is 13 of 20
Answer Stats
Games Played Player % Correct
300 LeBron James
100%
216 Shaquille O'Neal
93%
220 Kobe Bryant
86%
179 Michael Jordan
86%
208 Scottie Pippen
86%
251 Tim Duncan
79%
182 James Harden
71%
237 Kareem Abdul-Jabbar
71%
190 Magic Johnson
71%
218 Manu Ginobili
71%
226 Tony Parker
71%
193 Karl Malone
64%
180 Dennis Johnson
57%
244 Robert Horry
57%
259 Derek Fisher
50%
182 John Stockton
50%
184 Robert Parish
50%
197 Al Horford
43%
183 Byron Scott
14%
193 Danny Ainge
14%
No matching quizzes found
Score Distribution
Percent of People with Each Score
Percentile by Number Answered
Your Score History
You have not taken this quiz